000
00283nam a22001337a 4500
008
181107b xxu||||| |||| 00| 0 eng d
020
_a
9780132209748
041
_a
eng
080
_2
4th
_a
101
100
_a
24
101
_a
FIL
245
_a
Thinking
_c
Kirby,G.R
942
_2
udc
_c
BK
999
_c
52074
_d
52074